Every Premier League Goalscorer (2003/04) - Statistics

General Stats
  • This quiz has been taken 64 times
  • The average score is 59 of 253
Answer Stats
Player Club Goals % Correct
Thierry Henry Arsenal 30
96%
Andy Cole Blackburn Rovers 11
81%
Carlton Cole Charlton Athletic 4
81%
Joe Cole Chelsea 1
81%
Alan Shearer Newcastle United 22
77%
Steven Gerrard Liverpool 4
73%
Robert Pirès Arsenal 14
69%
Frank Lampard Chelsea 10
67%
Patrick Vieira Arsenal 3
67%
Dennis Bergkamp Arsenal 4
65%
Robbie Keane Tottenham Hotspur 14
65%
Roy Keane Manchester United 3
65%
Ruud van Nistelrooy Manchester United 20
65%
Ryan Giggs Manchester United 7
65%
Kolo Touré Arsenal 1
63%
Paul Scholes Manchester United 9
63%
Gary Neville Manchester United 2
60%
Kevin Campbell Everton 1
60%
Michael Owen Liverpool 16
60%
Sol Campbell Arsenal 1
60%
Wayne Rooney Everton 9
60%
Fredrik Ljungberg Arsenal 4
58%
John Terry Chelsea 2
58%
Les Ferdinand Leicester City 12
58%
Peter Crouch Aston Villa 4
56%
Gilberto Silva Arsenal 4
54%
Jermain Defoe Tottenham Hotspur 7
54%
Robbie Fowler Manchester City 7
54%
Alan Smith Leeds United 9
52%
Cristiano Ronaldo Manchester United 4
52%
Jimmy Floyd Hasselbaink Chelsea 12
52%
Nicolas Anelka Manchester City 16
52%
Collins John Fulham 4
50%
Stephen Carr Tottenham Hotspur 1
50%
Stern John Birmingham City 4
50%
Dwight Yorke Blackburn Rovers 4
46%
Gareth Barry Aston Villa 3
46%
James Milner Leeds United 3
46%
Marcus Bent Leicester City 9
46%
Damien Johnson Birmingham City 1
44%
Glen Johnson Chelsea 3
44%
Seth Johnson Leeds United 2
44%
Shaun Wright-Phillips Manchester City 7
44%
Teddy Sheringham Portsmouth 9
44%
Harry Kewell Liverpool 7
42%
Nwankwo Kanu Arsenal 1
42%
Barry Ferguson Blackburn Rovers 1
40%
Duncan Ferguson Everton 5
40%
Milan Baroš Liverpool 1
40%
Nicky Butt Manchester United 1
40%
Wayne Bridge Chelsea 1
40%
Eiður Guðjohnsen Chelsea 6
38%
Emile Heskey Liverpool 7
38%
José Antonio Reyes Arsenal 2
38%
Kevin Phillips Southampton 12
38%
Mark Viduka Leeds United 11
38%
Scott Parker Charlton Athletic 2
38%
Scott Parker Chelsea 1
38%
Sylvain Wiltord Arsenal 3
38%
Damien Duff Chelsea 5
35%
Louis Saha Fulham 13
35%
Louis Saha Manchester United 7
35%
Sami Hyypiä Liverpool 4
35%
Yakubu Aiyegbeni Portsmouth 16
35%
Juan Pablo Ángel Aston Villa 16
33%
Juan Sebastián Verón Chelsea 1
33%
Kevin Nolan Bolton Wanderers 9
33%
Kieron Dyer Newcastle United 1
33%
Laurent Robert Newcastle United 6
33%
Ledley King Tottenham Hotspur 1
33%
Michael Brown Tottenham Hotspur 1
33%
Paul Ince Wolverhampton Wanderers 2
33%
Craig Bellamy Newcastle United 4
31%
David Dunn Birmingham City 2
31%
Diego Forlán Manchester United 4
31%
Dietmar Hamann Liverpool 2
31%
Martin Taylor Birmingham City 1
31%
Danny Murphy Liverpool 5
29%
Gareth Southgate Middlesbrough 1
29%
Jermaine Jenas Newcastle United 2
29%
John O'Shea Manchester United 2
29%
Lee Bowyer Newcastle United 2
29%
Darius Vassell Aston Villa 9
27%
Facundo Sava Fulham 1
27%
James Beattie Southampton 14
27%
Kevin Davies Bolton Wanderers 9
27%
Paolo Di Canio Charlton Athletic 4
27%
Shola Ameobi Newcastle United 7
27%
Darren Anderton Tottenham Hotspur 1
25%
Gustavo Poyet Tottenham Hotspur 3
25%
Jamie Redknapp Tottenham Hotspur 1
25%
Jonathan Fortune Charlton Athletic 2
25%
Juninho Paulista Middlesbrough 8
25%
Kenny Miller Wolverhampton Wanderers 2
25%
Robbie Savage Birmingham City 3
25%
Simon Davies Tottenham Hotspur 2
25%
Tugay Kerimoğlu Blackburn Rovers 1
25%
Adrian Mutu Chelsea 6
23%
Dion Dublin Aston Villa 3
23%
Edú Gaspar Arsenal 2
23%
Frédéric Kanouté Tottenham Hotspur 7
23%
Gary Speed Newcastle United 3
23%
Henrik Pedersen Bolton Wanderers 7
23%
Hernán Crespo Chelsea 10
23%
Ian Harte Leeds United 1
23%
Jason Roberts Portsmouth 1
23%
Jermaine Pennant Leeds United 2
23%
Muzzy Izzet Leicester City 2
23%
Paul Dickov Leicester City 11
23%
Frank Sinclair Leicester City 1
21%
Geremi Chelsea 1
21%
Luís Boa Morte Fulham 9
21%
Mikael Forssell Birmingham City 17
21%
Patrik Berger Portsmouth 5
21%
Sean Davis Fulham 5
21%
Sylvain Distin Manchester City 2
21%
Tomasz Radzinski Everton 8
21%
Trevor Sinclair Manchester City 1
21%
Vladimír Šmicer Liverpool 3
21%
Bryan Hughes Birmingham City 3
19%
Iván Campo Bolton Wanderers 4
19%
Lee Hendrie Aston Villa 2
19%
Leon Osman Everton 1
19%
Lomana LuaLua Portsmouth 4
19%
Matt Holland Charlton Athletic 6
19%
Michael Ricketts Middlesbrough 2
19%
Rohan Ricketts Tottenham Hotspur 1
19%
Celestine Babayaro Chelsea 1
17%
Clinton Morrison Birmingham City 4
17%
David Thompson Blackburn Rovers 1
17%
Jason Euell Charlton Athletic 10
17%
Jesper Grønkjær Chelsea 2
17%
Joey Barton Manchester City 1
17%
Joseph-Désiré Job Middlesbrough 5
17%
Olof Mellberg Aston Villa 1
17%
Shaun Bartlett Charlton Athletic 5
17%
Steve Stone Portsmouth 2
17%
Steve Watson Everton 5
17%
Thomas Gravesen Everton 2
17%
Brett Emerton Blackburn Rovers 2
15%
Brian McBride Fulham 4
15%
Henri Camara Wolverhampton Wanderers 7
15%
Joseph Yobo Everton 2
15%
Kléberson Manchester United 2
15%
Lee Carsley Everton 1
15%
Markus Babbel Blackburn Rovers 3
15%
Steed Malbranque Fulham 6
15%
Steffen Iversen Wolverhampton Wanderers 4
15%
Zoumana Camara Leeds United 1
15%
Andrew O'Brien Newcastle United 1
13%
David Unsworth Everton 3
13%
Dominic Matteo Leeds United 2
13%
Kevin Lisbie Charlton Athletic 4
13%
Massimo Maccarone Middlesbrough 6
13%
Stefan Moore Aston Villa 1
13%
Antoine Sibierski Manchester City 5
10%
Boudewijn Zenden Middlesbrough 4
10%
Brad Friedel Blackburn Rovers 1
10%
Claus Jensen Charlton Athletic 4
10%
Johnnie Jackson Tottenham Hotspur 1
10%
Jon Macken Manchester City 1
10%
Lucas Neill Blackburn Rovers 2
10%
Marians Pahars Southampton 2
10%
Mario Melchiot Chelsea 2
10%
Mark Pembridge Fulham 1
10%
Nicky Hunt Bolton Wanderers 1
10%
Olivier Bernard Newcastle United 1
10%
Stelios Giannakopoulos Bolton Wanderers 2
10%
Youri Djorkaeff Bolton Wanderers 9
10%
Alex Rae Wolverhampton Wanderers 5
8%
Ben Thatcher Leicester City 1
8%
Colin Cameron Wolverhampton Wanderers 4
8%
Eyal Berkovic Portsmouth 1
8%
Florent Sinama-Pongolle Liverpool 2
8%
Gary O'Neil Portsmouth 2
8%
Jihai Sun Manchester City 1
8%
Jonatan Johansson Charlton Athletic 4
8%
Jon Stead Blackburn Rovers 6
8%
Jordan Stewart Leicester City 1
8%
Lee Clark Fulham 2
8%
Malcolm Christie Middlesbrough 1
8%
Nathan Blake Wolverhampton Wanderers 1
8%
Ronny Johnsen Aston Villa 1
8%
Arjan de Zeeuw Portsmouth 1
6%
Barry Hayles Fulham 4
6%
Bruno Cheyrou Liverpool 2
6%
Christophe Dugarry Birmingham City 1
6%
Claus Lundekvam Southampton 1
6%
David Bellion Manchester United 2
6%
David Prutton Southampton 1
6%
Gaizka Mendieta Middlesbrough 2
6%
Gary Naysmith Everton 2
6%
Graham Stuart Charlton Athletic 3
6%
Hélder Postiga Tottenham Hotspur 1
6%
James Scowcroft Leicester City 5
6%
Jlloyd Samuel Aston Villa 2
6%
Jody Craddock Wolverhampton Wanderers 1
6%
Mark Kennedy Wolverhampton Wanderers 2
6%
Matt Jansen Blackburn Rovers 2
6%
Michael Duberry Leeds United 3
6%
Szilárd Németh Middlesbrough 9
6%
Brett Ormerod Southampton 5
4%
Bruno N'Gotty Bolton Wanderers 3
4%
Chris Perry Charlton Athletic 1
4%
Craig Hignett Leicester City 1
4%
Craig Short Blackburn Rovers 1
4%
Dejan Stefanović Portsmouth 3
4%
Fabrice Fernandes Southampton 1
4%
Garry Flitcroft Blackburn Rovers 3
4%
Hermann Hreiðarsson Charlton Athletic 2
4%
Ivica Mornar Portsmouth 1
4%
Jeff Kenna Birmingham City 2
4%
Kevin Kilbane Everton 3
4%
Lamine Sakho Leeds United 1
4%
Lilian Nalis Leicester City 1
4%
Lorenzo Amoruso Blackburn Rovers 3
4%
Martin Grainger Birmingham City 1
4%
Mauricio Taricco Tottenham Hotspur 1
4%
Michael Svensson Southampton 2
4%
Paul Butler Wolverhampton Wanderers 1
4%
Paulo Wanchope Manchester City 6
4%
Riccardo Scimeca Leicester City 1
4%
Rory Delap Southampton 1
4%
Stan Lazaridis Birmingham City 2
4%
Stéphane Dalmat Tottenham Hotspur 3
4%
Thomas Hitzlsperger Aston Villa 3
4%
Alpay Özalan Aston Villa 1
2%
Carl Cort Wolverhampton Wanderers 5
2%
Claudio Reyna Manchester City 1
2%
Darren Ambrose Newcastle United 2
2%
Dino Baggio Blackburn Rovers 1
2%
Eirik Bakke Leeds United 1
2%
Hayden Foxe Portsmouth 1
2%
Jonathan Greening Middlesbrough 1
2%
Marcus Allbäck Aston Villa 1
2%
Mbulelo Mabizela Tottenham Hotspur 1
2%
Michael Tarnat Manchester City 3
2%
Steve Howey Leicester City 1
2%
Steve Marlet Fulham 1
2%
Steven Caldwell Leeds United 1
2%
Carlos Marinelli Middlesbrough 1
0%
David Sommeil Manchester City 1
0%
Ionel Ganea Wolverhampton Wanderers 3
0%
Jonathan Douglas Blackburn Rovers 1
0%
Junichi Inamoto Fulham 2
0%
Léandre Griffit Southampton 2
0%
Matthew Kilgallon Leeds United 2
0%
Nigel Quashie Portsmouth 1
0%
Paul Gallagher Blackburn Rovers 3
0%
Per Frandsen Bolton Wanderers 1
0%
Stephen Clemence Birmingham City 2
0%
Stephen McPhail Leeds United 1
0%
Vratislav Greško Blackburn Rovers 1
0%
No matching quizzes found
Score Distribution
Percent of People with Each Score
Percentile by Number Answered
Your Score History
You have not taken this quiz